Normal view MARC view

Entry Uniform Title

Number of records used in: 2

001 - CONTROL NUMBER

  • control field: 45325

003 - CONTROL NUMBER IDENTIFIER

  • control field: dpl

005 - DATE AND TIME OF LATEST TRANSACTION

  • control field: 20120418144849.0

008 - FIXED-LENGTH DATA ELEMENTS

  • fixed length control field: 120418|||a|||||| | ||| d

040 ## - CATALOGING SOURCE

  • Original cataloging agency: dpl
  • Transcribing agency: dpl

130 ## - HEADING--UNIFORM TITLE

  • Uniform title: लोकोदय ग्रन्थमाला ग्रन्थांक 1046 रविन्द्र कालिया

670 ## - SOURCE DATA FOUND

  • Source citation: Work cat.: (dpl)50972: 20178 वर्मा, सुरेन्द्र, काटना शमी का वृक्ष पद्मपंखुरी की धार सेः, 2012

670 ## - SOURCE DATA FOUND

  • Source citation: Work cat.: (dpl)50972: 20178 वर्मा, सुरेन्द्र, काटना शमी का वृक्ष पद्मपंखुरी की धार सेः, 2012

© Delhi Public Library
Hit Counter
free hit counter